Fiscal burden in the European Union member states
Vplyv poslednej globálnej finančnej krízy na úroveň fiškálneho zaťaženia v stredoeurópskych krajinách v porovnaní so starými členmi EÚ. Usporiadanie členských štátov bolo vypracované na základe syntetických opatrení a boli posúdené zmeny úrovne fiškálneho zaťaženia počas krízy a po kríze.
Saved in:
| Main Author: | |
|---|---|
| Format: | Book Chapter |
| Language: | English |
| Subjects: | |
| Tags: |
No Tags, Be the first to tag this record!
|
MARC
| LEADER | 00000nla a2200000 4500 | ||
|---|---|---|---|
| 001 | 0231257 | ||
| 005 | 20240417075121.3 | ||
| 041 | 0 | |a eng | |
| 044 | |a UA | ||
| 245 | 1 | 0 | |a Fiscal burden in the European Union member states |c Adam P. Balcerzak |
| 520 | |a Vplyv poslednej globálnej finančnej krízy na úroveň fiškálneho zaťaženia v stredoeurópskych krajinách v porovnaní so starými členmi EÚ. Usporiadanie členských štátov bolo vypracované na základe syntetických opatrení a boli posúdené zmeny úrovne fiškálneho zaťaženia počas krízy a po kríze. | ||
| 610 | 2 | 0 | |a Európska únia |
| 610 | 2 | 0 | |a rozpočty verejné |
| 610 | 2 | 0 | |a zaťaženie daňové |
| 610 | 2 | 0 | |a politika fiškálna |
| 610 | 2 | 0 | |a opatrenia |
| 610 | 2 | 0 | |a kríza finančná |
| 610 | 2 | 0 | |a porovnanie medzinárodné |
| 100 | 1 | |a Balcerzak, Adam P. | |